000 00533nam a2200181 i 4500
001 46818
003 ES-MaACL
005 20230906161443.0
007 t|
008 030401s1968 sp ||||1| cat d
100 1 _aConquet, André.
_940213
245 1 0 _aCom apredre a escoltar /
_cAndré Conquet ; versió catalana de Montserrat Manent.
250 _a1ª ed.
260 _aBarcelona :
_bNova Terra,
_c[1968]
300 _a61 p. :
_bil. ;
_c22 cm.
700 1 _aManent, Montserrat.
_975977
852 _aES-MaACL
_jC-46941
_bR.65498
999 _c46818
_d46818